Statistiken für Länder Afrikas - anhand der ersten beiden Buchstaben in 75 Sekunden

Klicken Sie hier um das Quiz zu spielen!

Allgemein

  • Dieses Quiz wurde 1.767 mal gespielt
  • Das Durchschnittsergebnis liegt bei 39 aus 54

Antwortstatistiken

Länder% Korrekt
Ma
96%
Ma
96%
Ma
96%
Ma
96%
Ma
96%
Ma
96%
90%
Su
90%
90%
Äg
86%
Al
84%
Ko
81%
Ko
81%
Ko
81%
Li
78%
Li
78%
Ni
76%
Ni
76%
Sa
76%
Sa
76%
Tu
74%
Se
73%
Se
73%
Bu
72%
Bu
72%
Ga
72%
Ga
72%
Ka
70%
Ka
70%
Si
70%
Si
70%
An
68%
Na
68%
Ät
67%
Gh
67%
Ke
66%
Ta
63%
Bo
62%
Le
62%
So
62%
Be
59%
Er
59%
Gu
59%
Gu
59%
Ru
59%
Ug
59%
Mo
58%
To
57%
Ts
56%
Ds
53%
Ze
53%
Äq
52%
El
52%
Sw
44%

Verteilung der Resultate

Perzentil nach korrekt beantworteten Fragen

Anzahl Personen mit jedem Resultat

Ihre Resultats-Entwicklung

Sie haben dieses Quiz noch nicht gespielt